00342nam a2200109 a 450000100100000000500170001000800410002704000250006824500230009326000890011630000270020500003068620200930062442.0110526s1979 dr a 000 0 spa d aDO-SdBNPbspacBNPHU00aGuia agropecuaria. aSanto Domingo :bSecretaría de Estado de Agricultura,c1979.fEditora Alga y Omega a205 p. :bil ;c28 cm.